| 000 | 02033nam a2200397 i 4500 | ||
|---|---|---|---|
| 001 | bg | ||
| 245 | 0 | 0 |
_aPrzedsiębiorstwa i instytucje w warunkach zmieniającego się otoczenia. _nCz. 2 / _c[kom. red. Aldona M. Dereń, Jadwiga Rudek, Krzysztof Zymonik]. |
| 246 | 1 | 3 | _aEnterprises and institutions in the environment subjected to transformation |
| 260 |
_aWrocław : _bOficyna Wydawnicza Politechniki Wrocławskiej, _c2006. |
||
| 300 |
_a232 s. : _bil. ; _c24 cm. |
||
| 490 | 1 |
_aPrace Naukowe Instytutu Organizacji i Zarządzania Politechniki Wrocławskiej. Studia i Materiały = _aScientific Papers of the Institute of Industrial Engineering and Management of the Wrocław University of Technology. Studies and Research, _x0324-9468 ; _vno. 23 |
|
| 500 | _aNumeracja serii gł.: 81. | ||
| 504 | _aBibliogr. przy pracach. | ||
| 546 | _aStreszcz. ang. przy pracach. Spis treści także ang. | ||
| 650 | 9 |
_aInnowacje _xstosowanie _xgospodarka _zkraje Unii Europejskiej |
|
| 650 | 9 |
_aInnowacje _xstosowanie _xgospodarka _zPolska _yod 1989 r. |
|
| 650 | 9 |
_aPrzedsiębiorstwo _xorganizacja _zkraje Unii Europejskiej |
|
| 650 | 9 |
_aPrzedsiębiorstwo _xorganizacja _zPolska _yod 1989 r. |
|
| 650 | 9 |
_aRynek finansowy _zkraje Unii Europejskiej |
|
| 650 | 9 |
_aRynek finansowy _zPolska _yod 1989 r. |
|
| 651 | 9 |
_aKraje Unii Europejskiej _xgospodarka _xpolityka |
|
| 651 | 9 |
_aPolska _xgospodarka _xpolityka _yod 1989 r. |
|
| 700 | 1 |
_aDereń, Aldona Małgorzata. _eRed. |
|
| 700 | 1 |
_aRudek, Jadwiga. _eRed. |
|
| 700 | 1 |
_aZymonik, Krzysztof. _eRed. |
|
| 830 | 0 |
_aPrace Naukowe Instytutu Organizacji i Zarządzania Politechniki Wrocławskiej. _pStudia i Materiały _x0324-9468 _v23 |
|
| 830 | 0 |
_aPrace Naukowe Instytutu Organizacji i Zarządzania Politechniki Wrocławskiej _v81 |
|
| 015 | _aPB 5669/2008 | ||
| 022 | _a03249468 | ||
| 040 | _cBPK | ||
| 041 | 0 |
_apol _beng |
|
| 044 | _aPOL | ||
| 080 | _a338.22:001.895:658.1/.5:336.76](438:4-67)"1989/...":339.923(4-67)"1989/..." | ||
| 942 | _cKS | ||
| 008 | 070523s2006 pl a |000 0 pol | ||
| 999 |
_c54768 _d54768 |
||
| 856 |
_uhttp://koha.tu.koszalin.pl/cgi-bin/koha/opac-detail.pl?biblionumber=54768 _yKatalog online BPK |
||